Júbilo y pena del recuerdo

Gardado en:
Detalles Bibliográficos
Formato: Libro
Idioma:Undetermined
Publicado: San José, Costa Rica Editorial Costa Rica 1965
Materias:
Etiquetas: Engadir etiqueta
Sen Etiquetas, Sexa o primeiro en etiquetar este rexistro!

MARC

LEADER 00000nam a2200000Ia 4500
008 170316s9999 xx 000 0 und d
999 |c 30859  |d 30859 
040 |a cru BVZT 
090 |a CG-001 J-1j 
245 |a Júbilo y pena del recuerdo  |c Lilia Ramos, compiladora 
260 |a San José, Costa Rica  |b Editorial Costa Rica  |c 1965 
300 |a 439 páginas : fotografías 
650 |a CULTURA GENERAL  |z COSTA RICA 
650 |a SOCIEDAD COSTARRICENSE 
942 |c SALA  |h CG-001 J-1j  |2 z